Návrh systému výberu zamestnancov v podniku

Na minha lista:
Detalhes bibliográficos
Autor principal: Malíková, Petra, 1987- (Author)
Outros Autores: Škultéty, Tomáš, 1983- (Thesis advisor)
Formato: Manuscrito Livro
Idioma:eslovaco
Publicado em: Trnava : STU v Bratislave MTF UPMK, 2012
Assuntos:
Acesso em linha:VAIS
Tags: Adicionar Tag
Sem tags, seja o primeiro a adicionar uma tag!

MARC

LEADER 00000ntm a22000003a 4500
001 stu251586
005 20150617230204.5
008 120719s2012----xo------------------slo-d
040 |a STU  |b slo 
041 0 |a slo 
044 |a xo 
100 1 |a Malíková, Petra,  |d 1987-  |4 aut  |u M  |T MTF Materiálovotechnologická fakulta  |X 59862  |U M  |Y 60  |7 A000059862 
242 0 0 |a System of employees design in the enterprise  |y eng 
245 1 |a Návrh systému výberu zamestnancov v podniku 
260 |a Trnava :  |b STU v Bratislave MTF UPMK,  |c 2012 
300 |a 47s  |c CD ROM 
650 7 |a personálna práca v priemyselnom podniku  |2 stusub 
650 7 |a Personnel Policy in Industrial Plant  |2 estusub 
650 7 |a výber zamestnancov  |2 stusub 
700 1 |a Škultéty, Tomáš,  |d 1983-  |4 ths  |X 46492  |7 A000046492 
856 4 |a info a plný text  |u http://is.stuba.sk/zp/portal_zp.pl?podrobnosti=92085  |3 VAIS 
996 |c M*BP-5821  |l MMSKP  |s P  |a 0  |w stu251586_0001